Purchasing & supply chain management / (Record no. 20504)

MARC details
000 -LEADER
fixed length control field 00613nam a22002177a 4500
003 - CONTROL NUMBER IDENTIFIER
control field OSt
008 - FIXED-LENGTH DATA ELEMENTS--GENERAL INFORMATION
fixed length control field 240515b2021 |||||||| |||| 00| 0 eng d
020 ## - INTERNATIONAL STANDARD BOOK NUMBER
International Standard Book Number 9789355736970
082 ## - DEWEY DECIMAL CLASSIFICATION NUMBER
Classification number 658.72
Item number MON-P
100 ## - MAIN ENTRY--PERSONAL NAME
Personal name Monczka, Robert M.
245 ## - TITLE STATEMENT
Title Purchasing & supply chain management /
Statement of responsibility, etc Robert M. Monczka,,,[et al.]
250 ## - EDITION STATEMENT
Edition statement 7th
260 ## - PUBLICATION, DISTRIBUTION, ETC. (IMPRINT)
Place of publication, distribution, etc Australia :
Name of publisher, distributor, etc Cengage Learning,
Date of publication, distribution, etc 2021.
300 ## - PHYSICAL DESCRIPTION
Extent / Pages xxxii, 880 p. ;
650 ## - SUBJECT ADDED ENTRY--TOPICAL TERM
Topical term or geographic name as entry element Purchasing.
650 ## - SUBJECT ADDED ENTRY--TOPICAL TERM
Topical term or geographic name as entry element Industrial management.
700 ## - ADDED ENTRY--PERSONAL NAME
Personal name Handfield, Robert B.
700 ## - ADDED ENTRY--PERSONAL NAME
Personal name Giunipero, Larry C.
700 ## - ADDED ENTRY--PERSONAL NAME
Personal name Patterson, james L.
942 ## - ADDED ENTRY ELEMENTS (KOHA)
Source of classification or shelving scheme
Koha item type Books
942 ## - ADDED ENTRY ELEMENTS (KOHA)
-- 2
Holdings
Withdrawn status Lost status Source of classification or shelving scheme Damaged status Not for loan Home library Current library Date acquired Source of acquisition Currency Cost, normal purchase price Full call number Barcode Date last seen Copy number Bill Date Koha item type Bill Number Total Checkouts Date last borrowed
          SOBD Library SOBD Library 11/04/2024 Vedi Books INR 999.00 658.72 MON-P1 005272 15/05/2024 1 11/04/2024 Reference Books VEDI/24-25/04/09    
          SOBD Library SOBD Library 11/04/2024 Vedi Books INR 999.00 658.72 MON-P2 005273 15/05/2024 2 11/04/2024 Books VEDI/24-25/04/09    
          SOBD Library SOBD Library 11/04/2024 Vedi Books INR 999.00 658.72 MON-P3 005274 15/05/2024 3 11/04/2024 Books VEDI/24-25/04/09    
          SOBD Library SOBD Library 11/04/2024 Vedi Books INR 999.00 658.72 MON-P4 005275 15/05/2024 4 11/04/2024 Books VEDI/24-25/04/09    
          SOBD Library SOBD Library 11/04/2024 Vedi Books INR 999.00 658.72 MON-P5 005276 15/05/2024 5 11/04/2024 Books VEDI/24-25/04/09    
          SOBD Library SOBD Library 11/04/2024 Vedi Books INR 999.00 658.72 MON-P6 005277 03/11/2025 6 11/04/2024 Books VEDI/24-25/04/09 1 23/10/2025
          SOBD Library SOBD Library 11/04/2024 Vedi Books INR 999.00 658.72 MON-P7 005278 15/05/2024 7 11/04/2024 Books VEDI/24-25/04/09    
          SOBD Library SOBD Library 11/04/2024 Vedi Books INR 999.00 658.72 MON-P8 005279 15/05/2024 8 11/04/2024 Books VEDI/24-25/04/09    
          SOBD Library SOBD Library 11/04/2024 Vedi Books INR 999.00 658.72 MON-P9 005280 15/05/2024 9 11/04/2024 Books VEDI/24-25/04/09    
          SOBD Library SOBD Library 11/04/2024 Vedi Books INR 999.00 658.72 MON-P10 005281 15/05/2024 10 11/04/2024 Books VEDI/24-25/04/09    
          SOBD Library SOBD Library 11/04/2024 Vedi Books INR 999.00 658.72 MON-P11 005282 15/05/2024 11 11/04/2024 Books VEDI/24-25/04/09    
          SOBD Library SOBD Library 11/04/2024 Vedi Books INR 999.00 658.72 MON-P12 005283 12/07/2025 12 11/04/2024 Books VEDI/24-25/04/09 1 30/06/2025
Hosted, Implemented, Customized & Maintained by: BestBookBuddies

Powered by Koha